banner koha

Efecto diurético y salurético de infusiones de Cuphea glutinosa cham et Schltdl. (Lythraceae) en ratas Wistar (Registro n. 300929)

MARC details
000 -LÍDER
fixed length control field 03893nab a2200253 i 4500
003 - CÓDIGO MARC DA AGÊNCIA CATALOGADORA
Campo de controle BR-BrBNA
005 - DATA E HORA DA ÚLTIMA ATUALIZAÇÃO
Campo de controle 20240816112306.0
008 - CAMPO DE TAMANHO FIXO
fixed length control field 240816b2017 bl.qr|pooa||| 00| 0 spa |
040 ## - FONTE DA CATALOGAÇÃO
Agência catalogadora BR-BrBNA
Idioma da catalogação spa
072 ## - CATEGORIA AGRIS
Código AGRIS F60
100 ## - ENTRADA PRINCIPAL - NOME PESSOAL
Nome pessoal Cardinali, F.J.
100 ## - ENTRADA PRINCIPAL - NOME PESSOAL
Nome pessoal Thevenon, M.A.
100 ## - ENTRADA PRINCIPAL - NOME PESSOAL
Nome pessoal Balmaceda, R.B.
245 ## - TÍTULO PRINCIPAL
Título principal Efecto diurético y salurético de infusiones de Cuphea glutinosa cham et Schltdl. (Lythraceae) en ratas Wistar
500 ## - NOTA GERAL
Nota geral Publicação on-line; 26 ref.; 2 tables; 1 illus.; Summaries (En, Es)
942 ## - ADDED ENTRY ELEMENTS (KOHA)
Koha item type
520 ## - NOTA DE RESUMO
Nota de conteúdo <br/><br/>RESUMEN: <br/><br/>Cuphea glutinosa (Lythraceae), popularmente conocida como siete sangrías o<br/>sanguinaria, ha sido utilizada en las prácticas de medicina popular, especialmente como diurética<br/>e hipotensora. Este estudio evalúa la actividad diurética y salurética sobre las excreciones<br/>urinarias de ratas Wistar acumuladas en 24 h. Se administraron oralmente tres concentraciones<br/>en infusiones de planta completa de C. glutinosa (2.5%, 5% y 10%), furosemida (10 mg/kg<br/>peso vivo) como control positivo y una solución salina de NaCl al 0.9% (5ml/100g de peso vivo)<br/>como control negativo o blanco. Los resultados mostraron efecto diurético positivo para todos<br/>los tratamientos, particularmente en concentraciones al 5% con valores de índices diuréticos<br/>significativamente superiores al control y a furosemida. Los estudios de saluresis mostraron que<br/>la administración al 2,5 % incrementó significativamente la excreción de Na+ comparado con<br/>el control, valores que también superaron los inducidos por furosemida. La administración oral<br/>de 2,5 y 5 % de infusión causan las menores excreciones de K+ aunque mayores que el control<br/>pero significativamente menores a los excretados por furosemida. Los resultados demuestran<br/>que la infusión de C. glutinosa induce un notable efecto diurético y una respuesta salurética<br/>tanto de Na+ como de K+, comportándose como un diurético tipo tiazídico.<br/><br/>Palabras claves: Cuphea, tiazídico, diuresis, saluresis, ratas
520 ## - NOTA DE RESUMO
Nota de conteúdo <br/><br/>ABSTRACT: <br/><br/>Diuretic and saluretic effect of Cuphea glutinosa cham et Schltdl. (Lythraceae)<br/>infusions in Wistar rats. Cuphea glutinosa (Lythraceae), popularly known as “siete sangrías”<br/>or “sanguinaria”, has been used in popular medicine practices, especially as a diuretic and<br/>hypotensive. This study evaluates diuretic and saluretic activity on urinary excretions of Wistar<br/>rats accumulated in 24 h. Three concentrations were given orally in whole-plant infusions of<br/>C. glutinosa (2.5%, 5% and 10%), furosemide (10 mg / kg body weight) as a positive control<br/>and 0.9% NaCl salt solution (5 ml / 100 g of live weight) as negative control or blank. Results<br/>showed a positive diuretic effect for all treatments, particularly in 5% concentrations, with diuretic<br/>index values significantly higher than control and furosemide. Studies of saluresis showed that<br/>administration to 2.5% significantly increased Na+ excretion compared to control, values that also<br/>exceed those induced by furosemide. Oral administration of 2.5 and 5% of infusion causes the<br/>lowest excretions of K+ although higher than control but significantly lower than those excreted<br/>by furosemide. Results showed that the infusion of C. glutinosa induces a remarkable diuretic<br/>effect and a saluretic response of both Na+ and K+, behaving like a thiazide-type diuretic.<br/><br/>Keywords: Cuphea, thiazide, diuresis, saluresis, rats
650 ## - ASSUNTO - THESAGRO
Cabeçalho tópico ou nome geográfico PLANTA MEDICINAL
650 ## - ASSUNTO - THESAGRO
Cabeçalho tópico ou nome geográfico LYTHRACEAE
773 0# - ENTRADA ANALÍTICA
Host Biblionumber 3543
Registro do item 317263
Imprenta Botucatu-SP Instituto de Biociências - Departamento de Química e Bioquímica 1998
Outro identificador 2024-3900
Título Revista Brasileira de Plantas Medicinais (Brazil)
ISSN 1516-0572
Colação v. 19(4) p. 513-517; (2017)
Número de controle de registro BR2024002142
856 ## - ACESSO E ENDEREÇO ELETRÔNICO
Identificador uniforme de recurso - URI http://www.sbpmed.org.br/admin/files/papers/file_woHtIR3VzCRI.pdf

Nenhum exemplar disponível.

BINAGRI

Telefone: (61)3218-2567/2388/3357/2097 - binagri@agro.gov.br

Ministério da Agricultura e Pecuária , Esplanada dos Ministérios, Bloco D, Anexo B, Brasília/DF, CEP: 70.043-900